000 00611nam a2200217Ia 4500
005 20260429111956.0
008 260429s9999||||xx |||||||||||||| ||und||
020 _a9783110792560
041 _aEnglish
082 _a661.8
_bKUM
100 _aKumar, Amit
245 0 _aMicrobial organic acids production :
_butilizing waste feedstocks /
_cAmit Kumar
260 _aGermany :
_bDe Gruyter,
_c2024.
300 _axii, 199 p.; hb
650 _a Industrial chemicals
650 _a Organic acids
650 _a Organic chemicals
650 _aChemical engineering
700 _a Kumar Vikas
942 _cTB
999 _c51706
_d51706